000 01028nam0a22002771 4500
001 rc\3192004
005 20260407095722.0
021 _aRU
_b[75-50775]
035 _a(NLR Aleph) 007351631
090 _a6215079
_c6215079
100 _a20120628d1975 |||y0rusy50 ca
101 0 _arus
102 _aRU
105 _aa z |||||
200 1 _aЭктопаразиты сельскохозяйственных животных Туркмении
_fМ-во сел. хоз-ва ТССР
210 _aАшхабад
_cТуркменистан
_d1975
215 _a34 с.
_cил.
_d20
300 _aАвт. указан в конце книги
606 _aДвукрылые кровососущие
_yТССР
_2psbo
700 1 _aМурадов
_bШ.М.
_gШирназар Мурадович
712 0 1 _aТССР
_bМинистерство сельского хозяйства
_3RU\NLR\AUTH\889924566
_9344934
801 0 _aRU
_bNLR
_gpsbo
801 1 _aRU
_bELAR
_2rusmarc
852 _aNLR
_j75-4/12252
942 _cBOOK
980 _aNB